01402cam a2200325 i 450000100090000000300090000900500170001800800410003502000180007604000380009408200170013224501460014925000200029526400580031526400100037330000570038333600260044033700280046633800270049450400510052165000330057265300240060565500140062970000320064394200120067599900170068795201240070495201240082895201240095217893419EG-ScBUE20231004123811.0130920t2014 nyua f b 001 0 eng d a9780393922073 aDLCbengerdacDLCdDLCdEG-ScBUE04a909222bWOR00aWorlds together, worlds apart :ba history of the world from the beginnings of humankind to the present /cRobert Tignor, and [eleven others] aFourth edition. 1aNew York ;aLondon :bW. W. Norton & Company,c[2014] 4cc2014 a1 volume (various pagings) :billustrations ;c29 cm 2rdacontentatextbtxt 2rdamediaaunmediatedbn 2rdacarrieravolumebnc aIncludes bibliographical references and index. 7aWorld history.2BUEsh910193 bBUSBOLcOctober2017 vText book1 aTignor, Robert L.,eauthor. 2ddccBB c25478d25450 00102ddc40708BaccahaMAINbMAINc2NDd2017-10-11ePurchaseg2150.00l0o909 WORp000042120r2025-07-15 00:00:00yNB 00102ddc40708BaccahaMAINbMAINc2NDd2017-10-11ePurchaseg2150.00l0o909 WORp000042121r2025-07-15 00:00:00yBB 00102ddc40708BaccahaMAINbMAINc2NDd2017-10-11ePurchaseg2150.00l0o909 WORp000042122r2025-07-15 00:00:00yBB